Sestra farárka Z. Oravcová odišla do večnosti

Bibliographic Details
Main Author: Kasar-Danielis, Svätoboj (Author)
Format: Article
Language:Slovak
Subjects:

MARC

LEADER 00000nab a2200000 a 4500
001 vtls000438363
003 SK-MaSNL
005 20260303222956.0
008 240425c1991 xo 0 slo
015 |a SNBRB19rr/mm-uuuuu 
035 |a CL0438491 
040 |a SNKBUCL  |b slo  |c SNKBUCL  |e AACR2 
041 0 |a slo 
044 |a xo  |c SK 
080 |a 885.4-97  |2 1981 
080 |a 244  |2 1981 
080 |a 885.4-1  |2 1981 
100 1 |a Kasar-Danielis, Svätoboj  |4 aut  |9 974206 
245 1 0 |a Sestra farárka Z. Oravcová odišla do večnosti  |c Svätoboj Kasar-Danielis 
655 7 |a slovenská poézia  |2 snkbucl  |9 70444 
655 7 |a články z novín a časopisov  |2 snkbucl  |9 267496 
655 7 |a články z odboru literárna veda a krásna literatúra  |2 snkbucl  |9 770045 
773 0 |t Evanjelický posol spod Tatier  |g Roč. 81, č. 37 (1991), s. 293 
850 |a Slovenská národná knižnica 
852 |a Slovenská národná knižnica 
958 |a RK 
958 |a LX 
992 |a RBX 
999 |c 2245321  |d 2247251